[Event "Dyfed Open"]
[Site "Fishguard"]
[Date "2020.02.15"]
[Round "2.4"]
[White "Taylor, Robert Graham"]
[Black "Young, Alan"]
[Result "0-1"]
[WhiteElo "1844"]
[BlackElo "2051"]
[Annotator "kemen"]
[PlyCount "92"]
[EventDate "2020.02.??"]
[EventType "swiss"]
[EventRounds "5"]
[EventCountry "WLS"]
[SourceVersionDate "2020.02.18"]

{[%evp 0,92,19,29,40,15,25,8,3,4,19,19,16,19,14,11,9,-17,-4,-21,-12,-5,12,-23,
38,3,34,28,32,22,22,-10,21,-2,34,-31,-43,-43,-27,-23,-37,-69,-90,-145,-82,-64,
-77,-128,-109,-120,-118,-95,-99,-118,-103,-136,-116,-109,-86,-113,-63,-133,-63,
-63,-73,-312,-203,-451,-463,-573,-671,-726,-365,-380,-357,-357,-381,-381,-381,
-389,-371,-463,-449,-522,-487,-501,-515,-515,-301,-511,-436,-532,-529,-591,
-643]} 1. e4 e5 2. Nf3 Nc6 3. Bc4 Nf6 4. d3 Be7 5. O-O O-O 6. a3 (6. Re1) (6.
c3) (6. Bb3) 6... d6 7. h3 Be6 8. Nbd2 (8. Bxe6) (8. Nc3) 8... Qd7 9. c3 a6 (
9... Rad8 10. Qe2 h6 11. Rd1 Rfe8 12. b4 Bf8 13. Bxe6 Qxe6 14. c4 Ne7 15. d4
exd4 16. Nxd4 Qe5 17. Bb2 c5 18. N2f3 Qxe4 19. Qxe4 Nxe4 20. Nb5 Nc6 21. Nc7
Re7 22. Nd5 Ree8 23. Nc7 Re7 24. Nd5 {Barcal-Rajter, CRO ch tm 2016,1/2-1/2})
10. Re1 Rad8 11. b4 (11. Nf1 d5 12. exd5 Bxd5 13. Bxd5 Qxd5 14. Bg5 Rfe8 15.
Qc2 Nh5 16. Bxe7 Rxe7 17. Rad1 Nf4 18. Ne3 Qe6 19. d4 e4 {Filgueiras-Perdomo,
Curitiba IEP & Copel op 2017,0-1}) 11... Rfe8 (11... d5 $11) 12. b5 Nb8 13.
Bxe6 Qxe6 14. bxa6 Nxa6 15. Ng5 (15. Qc2) 15... Qd7 16. Qb3 Bf8 (16... d5 $15 {
Stockfish11}) 17. Qxb7 Nc5 18. Qb1 h6 (18... d5 $15 {Stockfish11}) 19. Ngf3 d5
20. d4 (20. exd5 Qxd5 21. d4 $11 {Stockfish11} e4 (21... exd4 22. Rxe8 Rxe8 23.
cxd4 Ne6 24. Qb3 Nxd4 25. Qxd5 Ne2+ 26. Kf1 Nxd5 27. Bb2 Nef4 $11) 22. Ne5 Rxe5
23. dxe5 Qxe5 24. Nf1 Nd3 $11) 20... exd4 21. Nxd4 (21. cxd4 Ncxe4 $17) 21...
Ncxe4 (21... dxe4 $19) (21... Rb8 22. Qc2 dxe4 $19) 22. Nxe4 Nxe4 $17 23. Bb2
c5 $19 {the Wh pieces are badly placed} 24. Nf3 c4 25. Qc2 Bc5 26. Re2 Re6 27.
Nd4 Rf6 (27... Rg6) 28. Rae1 g6 (28... Bd6 29. Bc1 Bc7) 29. Bc1 Kh7 30. Kh2
Bd6+ (30... Qc7+ 31. Kg1 Qa5 $19 {Stockfish11}) 31. Kg1 Nc5 32. Nf3 (32. Be3 $5
) 32... Nd3 (32... Rxf3 33. gxf3 Qxh3 $19) 33. Rf1 Rxf3 34. gxf3 Qxh3 $19 35.
f4 Bxf4 (35... Qg4+ 36. Kh1 Bxf4) 36. Bxf4 Nxf4 37. f3 Qg3+ 38. Rg2 Nxg2 39.
Qxg2 Qe5 40. f4 Qxc3 41. Rf2 Qe1+ 42. Rf1 Qe3+ (42... Qe6 43. Qd2 d4) 43. Kh2
Qe4 (43... d4) 44. Qg3 Qf5 45. Qh4 Re8 46. Rf2 d4 0-1

[Event "Dyfed Open"]
[Site "Fishguard"]
[Date "2020.02.15"]
[Round "2.5"]
[White "Marin Marin, Francisco Javier"]
[Black "Heap, Gerry"]
[Result "0-1"]
[WhiteElo "1776"]
[BlackElo "2111"]
[Annotator "kemen"]
[PlyCount "102"]
[EventDate "2020.02.??"]
[EventType "swiss"]
[EventRounds "5"]
[EventCountry "WLS"]
[SourceVersionDate "2020.02.18"]

{[%evp 0,102,19,29,72,49,81,7,25,-18,-8,-15,7,-6,20,-10,1,-1,16,18,16,20,26,12,
0,-60,-24,-16,-1,-9,24,4,72,122,120,140,112,-52,-52,-34,-62,-62,-32,-60,-80,
-80,-88,-105,-33,-153,-156,-176,-163,-211,282,282,256,269,229,153,296,229,234,
215,211,209,197,199,189,157,208,208,389,208,221,147,318,168,176,147,333,175,
173,140,146,142,163,111,108,108,155,151,118,19,109,90,86,-98,-15,-1372,-1904,
-29987,-29988,-29997,-29998]} 1. e4 c5 2. Nf3 d6 3. c3 Nf6 4. Bd3 (4. d3 g6 5.
Be2 Bg7 6. O-O O-O 7. Na3 a6 8. Nc2 b5 9. Re1 Nc6 {Denham-Heap, Dyfed Closed
2018,0-1}) 4... Nc6 5. Bc2 Bg4 6. O-O g6 7. h3 Bxf3 8. Qxf3 Bg7 9. d3 O-O 10.
Nd2 (10. Qe2) 10... b5 11. Nb3 {3 Wh wins, 3 draws} (11. Qe2 {main, 41 % for Wh
}) 11... Nd7 12. Re1 (12. Be3 {main}) 12... a5 13. a3 (13. Bd2 a4 14. Nc1 b4
15. Ne2 Qb6 16. Nf4 e6 17. Qd1 a3 18. bxa3 Rxa3 19. Bb3 Re8 {Kerciku-Kaniewska,
EU ch girls U14, Budva 2013,0-1} (19... bxc3 $19)) 13... Nb6 (13... b4) 14. Be3
(14. Bg5) 14... b4 15. axb4 a4 (15... cxb4 $15) 16. Nxc5 $16 dxc5 (16... a3 17.
Nb3 axb2 18. Rxa8 Qxa8 19. Bxb6 Bxc3 20. Rd1 Nxb4 21. Bb1 $16 {Stockfish11})
17. bxc5 $18 a3 (17... Nd7 18. Bxa4 $18 {4 mobile pawns for a piece is more
than enough}) 18. Rxa3 (18. cxb6 $18 axb2 19. Rxa8 Qxa8 20. e5 $1 (20. d4 Qa5
$11) 20... Nxe5 21. Qxa8 Rxa8 22. Rb1 $18 {Stockfish11}) 18... Rxa3 19. bxa3
Bxc3 20. Rc1 Nc8 $17 (20... Nd7 $19) 21. Ba4 Nd4 $19 22. Qd1 Qa5 23. c6 Nb6 24.
c7 Rc8 25. Bb3 e6 26. Kh1 Qxa3 $2 (26... Nd7 27. Bf4 e5 28. Bg5 Bb2 29. Rb1
Qxa3 $19 {Stockfish11}) (26... Na8 27. Rb1 Nxc7 $19 {Stockfish11}) 27. Rxc3 $18
Qd6 28. Bxd4 (28. Ba2) 28... Qxd4 29. Qc2 (29. Rc6) 29... Kg7 30. Rc6 Qa1+ 31.
Kh2 Qe5+ 32. g3 Na8 33. Rc5 (33. Qa2 Nxc7 34. Qc2 Rb8 35. Rxc7 Rxb3 36. Rxf7+
Kxf7 37. Qxb3 $18 {Stockfish11}) 33... Qd4 34. Rc4 Qb6 35. Rc6 Qa7 36. Kg2 (36.
Qb2+ $1 {Stockfish11} Kh6 (36... Kg8 37. Rxe6 Qxc7 38. Qf6 Rb8 39. Bd5 Nb6 40.
Re7 $18) 37. g4 Nxc7 38. Qf6 Qa5 39. h4 $18) 36... Rxc7 37. Qb2+ Kh6 (37... Kf8
38. Rxc7 Nxc7 39. Qh8+ Ke7 40. Qxh7 {Stockfish11}) (37... Kg8 38. Rd6 Rd7 39.
Rxe6 fxe6 40. Bxe6+ Rf7 41. Qf6 Qc7 42. d4 $18 {Stockfish11}) 38. Qd2+ (38. Qf6
$1 {Stockfish11} Rxc6 39. g4 Rc1 40. g5+ Kh5 41. Qg7 Kxg5 42. h4+ Kh5 43. Qxh7+
Kg4 44. Qh6 e5 45. f3# (45. Qg5#)) (38. Qh8 $18 {Stockfish11}) (38. Rxc7 Nxc7
39. Qf6 Ne8 40. Qd8 Ng7 41. g4 $18 {Stockfish11} Qa1 (41... Qb7 42. Qf6 (42.
g5+ Kh5 43. Bd1+ Kh4 44. Qd6 Nh5 45. Bxh5 Kxg5 (45... Kxh5 46. Qf4 f5 47. Kg3
e5 48. Qh4#) 46. Bf3 $18) 42... Qxb3 43. Qf4+ g5 44. Qf6#) 42. Qh4+ (42. f4)
42... Nh5 43. gxh5 gxh5 44. Qf4+ Kg6 45. Qg3+ Kf6 46. Qe3) 38... Kg7 39. Qb2+
Kh6 40. Qc1+ Kg7 41. Rxc7 (41. Qc3+) 41... Nxc7 42. Qc6 $18 Na6 43. Ba4 (43. d4
$18) 43... Nc5 44. Bb5 Qa3 (44... Nb3 45. Qd6 Nd4 46. Be8 $16 {Stockfish11})
45. Qd6 Qc3 46. Kf3 (46. h4 $16) (46. e5 $14) 46... Nb3 (46... Nb7 $11) 47. Kg2
Nd2 48. Qc6 (48. Qf4 $16) 48... Qa1 49. g4 (49. Kh2 Nf3+ 50. Kg2 Ne1+ 51. Kh2
Nf3+ $11 {perpetual} (51... Qd4 52. Kg1 Nxd3 $11)) 49... Qf1+ 50. Kg3 e5 {
closing the mating net} 51. g5 Qg1+ 0-1

[Event "Dyfed Open"]
[Site "Fishguard"]
[Date "2020.02.15"]
[Round "2.6"]
[White "Richmond, Jane"]
[Black "Barnaby, Nicholas M S"]
[Result "1/2-1/2"]
[WhiteElo "2101"]
[BlackElo "1750"]
[Annotator "kemen"]
[PlyCount "28"]
[EventDate "2020.02.??"]
[EventType "swiss"]
[EventRounds "5"]
[EventCountry "WLS"]
[SourceVersionDate "2020.02.18"]

{[%evp 0,28,80,29,21,26,50,28,24,-4,2,-2,7,18,20,-10,-12,-6,36,-75,42,-17,44,
13,43,33,26,-45,15,-15,4]} 1. e4 e5 2. Nf3 Nc6 3. Bb5 a6 4. Ba4 Nf6 5. O-O b5
6. Bb3 Be7 (6... Bc5 7. Qe2 d6 8. c3 Bb6 9. a4 {Richmond-Jukes, Dyfed Open
2018,1-0}) 7. Qe2 O-O 8. a4 (8. c3 d6 (8... d5)) 8... Rb8 (8... b4) (8... Bb7 {
main lines}) 9. c3 (9. axb5 axb5 10. Nc3) 9... d5 10. d3 (10. exd5 Nxd5 11.
Nxe5 Nf4 12. Qe3 Nxe5 13. Qxf4 Bd6 14. Qg3 Nd3 15. f4 Re8 {Kaladnik-Budner,
corr 1956,0-1}) 10... h6 (10... Qd6 11. axb5 axb5 12. Bg5 Be6 13. Nbd2 d4 {
Arnold-R Van Kemenade, Rose Foregrove-Huddersfield 1986,1/2-1/2}) 11. Nbd2 Be6
(11... b4 $15 {Stockfish11}) 12. axb5 axb5 13. Ra6 Qd7 14. h3 Rfe8 $11 1/2-1/2

[Event "Dyfed Open"]
[Site "Fishguard"]
[Date "2020.02.15"]
[Round "2.7"]
[White "Powell, Lloyd"]
[Black "Pinch, David"]
[Result "1-0"]
[WhiteElo "2064"]
[BlackElo "1667"]
[Annotator "kemen"]
[PlyCount "85"]
[EventDate "2020.02.??"]
[EventType "swiss"]
[EventRounds "5"]
[EventCountry "WLS"]
[SourceVersionDate "2020.02.18"]

{[%evp 0,85,26,75,3,-31,1,41,60,40,66,66,104,64,61,54,71,34,13,26,26,17,19,26,
28,25,63,44,81,64,34,81,83,73,88,83,123,84,110,87,110,98,105,95,133,121,125,98,
120,112,121,114,105,123,122,120,150,151,151,143,159,-260,156,161,190,178,185,
189,215,234,342,271,271,301,378,355,363,388,377,301,435,330,493,477,579,665,
755,774]} 1. d4 Nf6 2. c4 c5 3. d5 b5 4. cxb5 (4. Nf3 d6 {Hurn-Pinch, Welsh
Seniors 2019,1/2-1/2}) 4... a6 5. bxa6 g6 6. Nc3 Bxa6 7. g3 (7. e4 Bxf1 8. Kxf1
d6 9. Nf3 Bg7 10. g3 O-O 11. Kg2 Nbd7 12. Qc2 Ra6 {S Williams-Pinch, West
Wales Major 2019,1/2-1/2}) 7... d6 8. Bg2 Bg7 9. Nf3 O-O 10. O-O Nbd7 11. Rb1 (
11. Qc2) (11. Re1) 11... Qa5 12. Bd2 Nb6 (12... Rfb8 {main}) 13. b3 Qa3 14. Ne1
Bb7 15. Nc2 Qa7 {2 games each} (15... Qa6 {main, 77% for Wh}) 16. Ne3 $146 (16.
e4 Ba6 17. Re1 {2-0}) 16... Ba6 (16... e6 17. dxe6 fxe6 18. Bh3 Rfe8 19. Nb5
Qb8 20. Nc4 $16 {Stockfish11}) 17. a4 Nfd7 18. h3 (18. a5 Nc8 19. Re1 $18 {
Stockfish11}) 18... Rfb8 19. Nc2 Nc8 20. Na3 Qb7 21. Qc2 Na7 22. Nc4 (22. Rfe1)
22... Qc7 23. Kh2 Ne5 24. Na3 (24. Nxe5 Bxe5 25. Ne4 {Stockfish11}) 24... Rb7
25. Rfe1 Rab8 26. f4 Nd7 27. Nc4 (27. Na2 {Stockfish11}) 27... Qd8 (27... Bxc4
{Stockfish11} 28. bxc4 Rb4 29. Nb5 Nxb5 30. cxb5 Rxb1 31. Rxb1 c4 32. e4 Bd4
33. Bb4 (33. Rb4)) 28. e4 Qc7 29. Na2 Bxc4 30. bxc4 $2 (30. Qxc4) 30... Rxb1 (
30... Rb2 $1 {wins a piece} 31. Qd3 Rxa2 32. a5 Bd4 $19) 31. Rxb1 Nc8 32. a5
$18 Rxb1 33. Qxb1 Nb8 34. Qb5 Na7 35. Qe8+ Bf8 36. Nc3 Na6 37. Nb5 (37. h4 {
brings the B into the game}) 37... Qc8 38. Qxc8 Nxc8 39. Bf3 (39. h4) 39... e6
40. Kg2 Be7 41. e5 Kf8 42. dxe6 fxe6 43. Bb7 1-0

[Event "Dyfed Open"]
[Site "Fishguard"]
[Date "2020.02.15"]
[Round "2.8"]
[White "Pleasants, Allan J"]
[Black "Williams, R Gareth"]
[Result "1-0"]
[WhiteElo "2028"]
[BlackElo "1642"]
[Annotator "kemen"]
[PlyCount "69"]
[EventDate "2020.02.??"]
[EventType "swiss"]
[EventRounds "5"]
[EventCountry "WLS"]
[SourceVersionDate "2020.02.18"]

1. Nf3 f5 2. g3 Nf6 3. Bg2 e6 4. d4 d5 5. O-O Be7 (5... Bd6) 6. c4 O-O 7. Nc3 (
7. b3 c6 8. Ba3 {is another plan}) 7... c6 8. Qb3 (8. b3) 8... Qb6 (8... Nbd7)
(8... Kh8 {main lines}) 9. Bf4 (9. c5 {1.5-0.5}) 9... Ne4 10. Nxe4 (10. Na4 Qb4
11. c5 Na6 12. h4 Qa5 13. Rad1 Qd8 14. Nc3 Nb8 15. Bh3 {Alonso Torno-Chans
Farina, Asturias ch 2001,1-0}) 10... fxe4 11. Qxb6 axb6 12. Nd2 (12. Ne5) 12...
Nd7 (12... b5 $11 {Stockfish11}) 13. Bh3 Nf6 14. Bc7 (14. a3 c5 15. Rac1 $11)
14... Ra6 (14... e5 {Stockfish11} 15. Bxc8 Rfxc8 16. Bxe5 Bb4 17. Rfd1 Bxd2 18.
Rxd2 dxc4 19. Bxf6 gxf6 20. a3 Rd8 $11) 15. a3 Ne8 16. Be5 Bd6 $2 (16... Nd6
$11) 17. cxd5 Bxe5 (17... cxd5 18. Rfc1 Bd7 19. Bxd6 Nxd6 20. Rc7 Bc6 21. Bxe6+
$18 {Stockfish11}) 18. dxe5 cxd5 19. Rac1 $18 Bd7 20. Nb3 Ra4 21. e3 Kf7 22.
Nd4 Ke7 23. Rc3 b5 24. Rfc1 (24. b4) 24... b4 (24... Rc4 25. b3 Rxc3 26. Rxc3
$18 {Stockfish11}) 25. Rb3 bxa3 26. bxa3 Ra7 27. Rb6 Kd8 28. Bxe6 Ra6 29. Rxa6
bxa6 30. Bxd5 (30. Kg2) (30. Rc5) 30... Nc7 31. Bxe4 h6 32. f4 Bh3 33. Rb1 (33.
f5) 33... Rf7 34. Nc6+ (34. Rb8+ Kd7 35. Bb7) 34... Kd7 35. Rd1+ 1-0

[Event "Dyfed Open"]
[Site "Fishguard"]
[Date "2020.02.15"]
[Round "2.9"]
[White "Ley, Cyril"]
[Black "May, Frank"]
[Result "0-1"]
[WhiteElo "1603"]
[BlackElo "2019"]
[Annotator "kemen"]
[PlyCount "70"]
[EventDate "2020.02.??"]
[EventType "swiss"]
[EventRounds "5"]
[EventCountry "WLS"]
[SourceVersionDate "2020.02.18"]

{[%evp 0,70,33,-34,58,-38,18,-1,-6,1,0,0,0,-31,-2,-4,-2,-1,16,2,4,-7,-2,-21,11,
-13,15,-14,-13,-41,1,-8,-13,-30,-30,-30,9,-41,-42,-47,-35,-46,-54,-57,-54,-70,
-53,-103,-96,-210,-138,-248,-144,-164,-220,-276,-42,-295,-197,-225,-160,-186,
-233,-313,-163,-129,-138,-429,-432,-1448,-1555,-1609,-1652]} 1. c4 g6 2. g3 Bg7
3. Bg2 e5 4. Nc3 d6 5. d3 Nc6 (5... f5) 6. e4 Nf6 (6... Nge7) (6... f5) 7. Nge2
O-O 8. O-O Nh5 (8... Be6) 9. a3 (9. Be3) (9. Nd5) (9. f4) 9... f5 10. b4 $146 (
10. exf5 gxf5 {1 draw, 2 Bl wins} (10... Bxf5 11. h3 Bd7 12. Nd5 {Gawain
Jones-Rudd, Hastings Masters 2009,1-0})) (10. Nd5 {1-1}) (10. f4 {1-1}) 10...
f4 $15 11. f3 g5 12. Rb1 Be6 $17 13. Rf2 Qd7 14. Qf1 Rf7 (14... Ne7 $19 {
Stockfish11}) 15. g4 Nf6 16. h3 Raf8 17. Bd2 h5 $19 18. Bh1 Ne7 (18... hxg4 19.
fxg4 Nxg4 20. hxg4 Bxg4 21. Bf3 Bxf3 22. Rxf3 g4 23. Rf2 Nd4 $19 {Stockfish11})
19. Nd5 Ng6 20. Rh2 Nh4 (20... Nh7 21. gxh5 Nh4 22. Be1 c6 $19 {Stockfish11})
21. Be1 c6 22. Nxf6+ Bxf6 23. Bxh4 gxh4 24. Rg2 Rg7 (24... hxg4 25. hxg4 (25.
fxg4 f3 26. Qxf3 Bg5 $19) (25. Rxg4+ Bxg4 26. hxg4 h3 $19) 25... h3 26. Rh2
Bxg4 $19 {Stockfish11}) 25. Rb2 Bd8 {if the Bl B can get to the K this way, it
mostly is curtains for Wh, especially if Wh's QB is no longer on the board} 26.
Kh2 Bb6 27. Qe1 Qd8 (27... hxg4 28. hxg4 h3) 28. Rc2 Be3 29. Nc3 Kh7 30. Nd1
Bd4 31. gxh5 Rfg8 (31... Rg3) 32. Rxg7+ Rxg7 33. Rg2 Rg3 34. Rxg3 hxg3+ 35. Kg2
Qh4 {Wh's Q side play got no further than b4} 0-1

[Event "Dyfed Open"]
[Site "Fishguard"]
[Date "2020.02.15"]
[Round "2.10"]
[White "Francis, Matthew"]
[Black "Miles, Richard"]
[Result "0-1"]
[WhiteElo "1642"]
[BlackElo "1968"]
[Annotator "kemen"]
[PlyCount "80"]
[EventDate "2020.02.??"]
[EventType "swiss"]
[EventRounds "5"]
[EventCountry "WLS"]
[SourceVersionDate "2020.02.18"]

{[%evp 0,80,66,20,103,49,71,45,76,50,42,55,41,-8,-1,10,51,-6,2,-2,-8,-48,-56,
-98,-78,-117,55,-89,-94,-95,-102,-95,-98,-97,-103,-131,-130,-121,-130,-131,
-124,-129,-130,-130,-128,-109,-99,-115,-67,-69,-79,-79,-81,-93,-102,-125,-120,
-141,-133,-146,-112,-116,-117,-109,-109,-127,-137,-144,-102,-102,-131,-137,
-150,-136,-126,-177,-154,-279,-314,-318,-331,-1353,-1375]} 1. e4 c5 2. Nf3 Nc6
3. Bb5 g6 4. O-O Bg7 5. Re1 Nf6 6. c3 (6. e5) 6... O-O 7. d4 (7. h3 {
alternative}) 7... d5 (7... cxd4 8. cxd4 d5) 8. exd5 (8. e5 Ne4 9. Bxc6 bxc6 {
53% for Wh}) 8... Qxd5 {34% for Wh} 9. c4 Qd6 10. d5 Nd4 11. Nxd4 cxd4 12. Bg5
(12. Nd2) (12. h3 {main lines}) 12... e6 $146 (12... a6 13. Ba4 b5 {1 draw, 2
Bl wins}) (12... Ng4 13. g3 Qb6 14. Bxe7 d3 15. Rf1 a6 16. Ba4 Qxb2 17. Bxf8
Kxf8 18. Nd2 Nxf2 $19 {Stockfish11}) 13. dxe6 (13. Qxd4 Nxd5 (13... exd5 14. c5
Qd8 $14) 14. Qd2 a6 15. cxd5 axb5 16. Nc3 b4 17. Ne4 Qxd5 18. Qxb4 Bd7 $11 {
Stockfish11}) 13... Bxe6 $19 14. Nd2 a6 (14... Ng4 15. Nf3 a6 16. Ba4 (16. c5
Qxc5 17. Bf1 Bd5 $17) 16... h6 17. Bh4 Ne5 $17 {Stockfish11}) 15. Bxf6 Bxf6 16.
Ne4 (16. Ba4 Be5 $17) 16... Qd8 $19 17. Nxf6+ Qxf6 18. Ba4 Bxc4 19. Qd2 Rfd8
20. Bd1 Bd5 (20... d3) (20... Rac8 {also}) 21. Be2 Kg7 22. b3 h5 (22... Rac8) (
22... d3) 23. Bd3 Rd7 24. Rac1 Rad8 25. Qe2 Qg5 (25... Rd6) 26. Qe5+ Qxe5 27.
Rxe5 Kf6 28. Rce1 Rd6 (28... Rc7) 29. f4 Re6 30. Kf2 Rde8 31. Rxe6+ Rxe6 32.
Rxe6+ (32. Rd1 $5 {worth a try}) 32... Kxe6 33. g3 f5 34. Ke2 Kd6 35. Kd2 Kc5
36. Kc1 b5 37. Kb2 Be4 38. Be2 d3 39. Bd1 Kd4 40. Kc1 (40. b4 d2) 40... Kc3 0-1

[Event "Dyfed Open"]
[Site "Fishguard"]
[Date "2020.02.15"]
[Round "2.11"]
[White "Probert, Malcolm"]
[Black "Bourne, Johnathan D"]
[Result "0-1"]
[WhiteElo "1565"]
[BlackElo "1904"]
[Annotator "kemen"]
[PlyCount "108"]
[EventDate "2020.02.??"]
[EventType "swiss"]
[EventRounds "5"]
[EventCountry "WLS"]
[SourceVersionDate "2020.02.18"]

{[%evp 0,108,20,15,34,-9,49,-12,-6,-12,-12,8,4,-7,31,30,33,-43,29,29,16,15,10,
-30,34,23,29,31,-6,29,18,15,31,-31,17,46,46,68,75,-35,-34,-34,-34,-44,-30,-140,
-35,-30,-32,-129,13,13,20,-53,33,18,0,-24,6,8,17,12,-2,-2,7,-37,-48,-26,-26,
-14,-21,-29,-25,-23,-40,-36,-49,-56,-36,-36,-22,-45,-35,-110,-56,-56,0,0,0,-17,
93,-37,57,-83,-46,-64,-51,-45,-8,-73,-64,-149,-84,-78,-138,-157,-177,-188,-170,
-338,-410]} 1. Nf3 Nf6 2. c4 g6 3. b3 Bg7 4. Bb2 d6 5. d4 O-O 6. g3 (6. e3 {
quite popular}) 6... Nbd7 7. Bg2 c5 (7... e5) (7... c6) 8. d5 (8. O-O {main})
8... a6 (8... b5) 9. Nbd2 $146 (9. O-O) (9. a4) 9... Rb8 10. O-O b5 {
transposing back to played lines} 11. Qc2 (11. Re1) 11... Nb6 12. Rab1 (12. e4
e5 13. Rfb1 Nh5 14. Bf1 Bd7 15. Nh4 f5 16. Be2 Nf4 17. Bf1 Nh5 18. exf5 gxf5
19. Re1 f4 {Hobson-Vassiades, Skopje ol 1972,0-1}) 12... Bd7 13. Rfe1 bxc4 14.
bxc4 e5 15. e4 (15. dxe6 fxe6 16. Qd3 Qe7 17. Bc3 $14 {Stockfish11}) 15... Qc8
(15... Na4) 16. Nxe5 Ba4 (16... dxe5 17. Bxe5 Rb7 18. Ba1 Re8 19. f4 $14 {
Stockfish11}) 17. Qd3 dxe5 18. Bxe5 Rb7 19. Qc3 (19. Qa3 {Stockfish11} Re8 20.
Ba1 Qb8 21. Rbc1 $18 (21. e5 Nfd7 22. f4 $18 (22. e6 $18))) 19... Nbd7 20. Rxb7
Qxb7 21. Rb1 Qc8 $15 22. Bh3 Qd8 (22... Nxd5 $1 23. cxd5 Bxe5 24. Qc4 Bb5 25.
Qc2 Bd4 $19 {Stockfish11}) 23. Bxd7 (23. Bxf6) 23... Bxd7 24. Rb8 (24. Qb2 Bh3
$17) 24... Qe7 (24... Nxd5 $1 $19 {Stockfish11}) 25. Rxf8+ (25. d6 Qe6 26.
Rxf8+ Kxf8 27. Nb3 Kg8 28. Nxc5 Nxe4 29. Nxe6 Nxc3 30. Bxg7 Ne2+ 31. Kf1 Bxe6
32. Bb2 Bxc4 33. d7 Nd4+ 34. Ke1 Nc6 35. Bf6 Bxa2 36. d8=Q+ Nxd8 37. Bxd8 {
Stockfish11 & the opposite colour Bs draw}) 25... Kxf8 26. f4 Ne8 (26... Bh3
$17) 27. Bxg7+ Nxg7 28. e5 (28. Qa5 g5 29. Qxa6 gxf4 30. gxf4 Kg8 $15 {
Stockfish11}) (28. Qe3 Kg8 29. e5 Bf5 30. Nb3 Qb7 31. Qxc5 h5 $15 {Stockfish11}
) 28... Qd8 (28... g5) 29. Qa3 $11 Qb6 30. Nb3 Qb4 31. Qxb4 cxb4 32. c5 Bb5 33.
c6 (33. Kf2) 33... Ke7 34. d6+ Kd8 35. Na5 Ne6 36. Kf2 $11 Kc8 37. Ke3 Nd8 38.
c7 Nb7 39. Nb3 Bd7 40. Nd4 Nc5 41. Kd2 Ne6 42. Nb3 Nxc7 43. dxc7 Kxc7 $17 {
Wh's K side pawns are halted, while Bl's can advance on the Q side} 44. Kd3 Kb6
45. Kc2 a5 46. Nd2 Bf5+ 47. Kb2 Bd3 48. Nf3 (48. a3) 48... h6 (48... Bc4) 49.
Ng1 Kc5 50. h3 a4 51. a3 bxa3+ 52. Kxa3 Kd4 53. Nf3+ Ke3 54. Ne1 Be4 {end of N}
0-1

[Event "Dyfed Open"]
[Site "Fishguard"]
[Date "2020.02.15"]
[Round "2.13"]
[White "Haigh, Tony"]
[Black "Greatorex, Roger"]
[Result "1-0"]
[WhiteElo "1773"]
[BlackElo "1735"]
[Annotator "kemen"]
[PlyCount "56"]
[EventDate "2020.02.??"]
[EventType "swiss"]
[EventRounds "5"]
[EventCountry "WLS"]
[SourceVersionDate "2020.02.18"]

{[%evp 0,56,20,20,20,-16,-17,-10,17,27,31,8,50,4,14,6,39,0,21,12,7,3,1,-157,
-167,-159,-34,-37,18,-61,-58,-60,-60,-135,-87,-87,-136,-192,-196,-200,-255,
-248,-159,-269,-80,-89,-41,-50,-134,-149,0,0,207,210,205,204,432,442,750]} 1.
d4 d5 2. c4 e6 3. Nc3 c6 4. cxd5 exd5 5. Qc2 (5. Nf3) 5... g6 (5... Bd6) (5...
Nf6 {main lines}) 6. e3 (6. Bf4) (6. Nf3) 6... Bg7 (6... Bf5 {Wh 33% from 42
games}) 7. Nf3 f5 $146 (7... Nf6) (7... Nd7) 8. Ne5 (8. b3) 8... Nf6 9. Be2 O-O
10. Bd2 Nbd7 11. b4 (11. f4 $11) 11... Nxe5 12. dxe5 Ng4 (12... Ne4 $19 13. O-O
(13. Nxe4 fxe4 14. O-O Qg5 $19) 13... Nxd2 14. Qxd2 Bxe5 $19 {Stockfish11}) 13.
f4 d4 14. exd4 (14. Nd1) 14... Qxd4 $15 15. Bxg4 (15. Nd1 $11 Be6 (15... Qxa1
16. Bc3 {wins Q}) 16. Qc3 Qd5 17. Qf3 Qd8 $11) 15... fxg4 $17 16. Qb3+ (16. Rd1
) 16... Kh8 $19 17. O-O-O a5 18. bxa5 Rxa5 19. Rhe1 Rc5 20. Re2 Bf5 (20... Rc4
21. e6 Qc5 $19 {Stockfish11}) 21. a4 (21. g3 $5) 21... Ra8 (21... Rc4 $19) (
21... b5 $19) 22. Kb2 Qc4 23. Qxc4 Rxc4 $19 24. g3 Be6 (24... Rb4+ 25. Kc1 b5
$19 {Stockfish11}) (24... b5 $19) (24... Bf8 $19) (24... Kg8 $19) 25. Re4 $11
Raxa4 (25... Rxe4 26. Nxe4 Rxa4 27. Nc5 Ra2+ 28. Kc3 Bf5 29. Nxb7 Ra3+ 30. Kc4
$11 {Stockfish11}) 26. Nxa4 $18 Rxe4 27. Nc5 Bxe5+ (27... Bf5) 28. fxe5 Rxe5
1-0